00433nam a2200169Ia 4500003000400000005001700004008004100021020002900062040001700091082002100108100001800129245004700147250001100194260002800205300001500233650001500248IIN20240201130545.0231217s9999 xx 000 0 und d cRs.595.00a9789354654930 aIINbEnglish a150.2461073bSRE1 aSreevani, R.  2aApplied Psychology for NursescR. Sreevani a4th ed bJaypeeaNew Delhic2022 axxii,261p.1 aPsychology